[Event "Women's Speed Chess Q5"]
[Site "chess.com INT"]
[Date "2020.06.22"]
[Round "6"]
[White "Balabayeva, Xeniya"]
[Black "Kazarian, Anna-Maja"]
[Result "1-0"]
[WhiteTitle "WFM"]
[BlackTitle "FM"]
[WhiteElo "2146"]
[BlackElo "2096"]
[WhiteFideId "13719688"]
[BlackFideId "1033689"]
[EventDate "2020.06.22"]

1. e4 e6 2. d4 d5 3. Nd2 Nf6 4. e5 Nfd7 5. Bd3 c5 6. c3 Nc6 7. Ngf3 cxd4 8. cxd4
f6 9. exf6 Qxf6 10. Nb3 h6 11. O-O Bd6 12. h3 O-O 13. Bc2 Rf7 14. Be3 Nf8 15. a3
Bd7 16. Qd3 Be8 17. Rae1 g5 18. Nh2 h5 19. Qe2 Rg7 20. g3 Bg6 21. Bxg6 Qxg6 22.
Bd2 Qc2 23. Qf3 Qxb2 24. Rb1 Qxa3 25. Qxh5 Nh7 26. Ng4 Rf8 27. Nh6+ Kh8 28. Rfe1
Rf6 29. Ng4 Rf3 30. Rxe6 Rxb3 31. Re8+ Rg8 32. Rxg8+ Kxg8 33. Re1 Rf3 34. Qg6+
Kh8 35. Re8+ Rf8 36. Nh6 Qa1+ 37. Kg2 Ne5 38. Qg8+ Rxg8 39. Rxg8# 1-0

[Event "Women's Speed Chess Q5"]
[Site "chess.com INT"]
[Date "2020.06.22"]
[Round "6"]
[White "Tian, Shi Yuan"]
[Black "Sviridova, Vlada"]
[Result "1-0"]
[WhiteTitle "WFM"]
[BlackTitle "WFM"]
[WhiteElo "1868"]
[BlackElo "2144"]
[WhiteFideId "2623960"]
[BlackFideId "24109606"]
[EventDate "2020.06.22"]

1. e4 e6 2. d3 d5 3. Nd2 Nf6 4. g3 c5 5. Bg2 g6 6. Ngf3 Bg7 7. O-O O-O 8. Re1
Nc6 9. Nf1 dxe4 10. dxe4 Qxd1 11. Rxd1 Nxe4 12. c3 Nf6 13. Bf4 Nd7 14. Bd6 Re8
15. Ne3 a5 16. a4 Ra7 17. Nc4 b6 18. Na3 Ba6 19. Ne1 Nce5 20. f4 Nc4 21. Nxc4
Bxc4 22. Nc2 Bb3 23. Rd2 Bxc2 24. Rxc2 Nf6 25. Bc6 Rc8 26. Bg2 Ne8 27. Be5 f6
28. Bh3 Kf7 29. Rf1 fxe5 30. fxe5+ Ke7 31. Rcf2 Rcc7 32. Rf7+ Kd8 33. Rd1+ Kc8
34. Bxe6+ Kb8 35. Rd8+ Kb7 36. Rxe8 Rxf7 37. Bxf7 Kc6 38. Bc4 Kd7 39. Rg8 Bxe5
40. Rf8 Ke7 41. Rf7+ Kd6 42. Rxa7 Bf6 43. Rxh7 Ke5 44. Rb7 Bd8 45. Rb8 Bc7 46.
Rc8 Kd6 47. Rxc7 Kxc7 48. Kf2 Kd6 49. Kf3 Ke5 50. Ke3 g5 51. g4 1-0

[Event "Women's Speed Chess Q5"]
[Site "chess.com INT"]
[Date "2020.06.22"]
[Round "6"]
[White "Nguyen, Thi Thanh An"]
[Black "Solozhenkina, Elizaveta"]
[Result "1/2-1/2"]
[WhiteTitle "WGM"]
[BlackTitle "WIM"]
[WhiteElo "2285"]
[BlackElo "2301"]
[WhiteFideId "12400300"]
[BlackFideId "34106615"]
[EventDate "2020.06.22"]

1. d4 Nf6 2. c4 e6 3. Nf3 d5 4. Qc2 Bb4+ 5. Bd2 Be7 6. Bg5 O-O 7. e3 Nbd7 8. Nc3
h6 9. Bh4 c5 10. cxd5 exd5 11. Be2 b6 12. Rd1 Bb7 13. O-O Ne4 14. Bxe7 Qxe7 15.
dxc5 Qxc5 16. Rc1 Ndf6 17. Qb3 Qe7 18. Nb5 Nc5 19. Qd1 a6 20. Nbd4 Nfe4 21. Nf5
Qf6 22. N3d4 Kh7 23. Bf3 g6 24. Ng3 Rac8 25. b4 Ne6 26. Rxc8 Rxc8 27. Nxe6 Qxe6
28. Ne2 Ng5 29. Nd4 Nxf3+ 30. Qxf3 Qe7 31. a3 Kg7 32. h3 Qf6 33. Qg3 h5 34. Rd1
Kh7 35. h4 Kg8 36. a4 Qe7 37. b5 a5 38. Qf4 Kg7 39. Ra1 Qc7 40. Qg5 Kh7 41. Qf6
Rd8 42. Rd1 Rd6 43. Qf4 Rd7 44. Qf6 Qd6 45. Qg5 Qc7 46. Qf6 Rd6 47. Qg5 Rd7 48.
Qf6 1/2-1/2

[Event "Women's Speed Chess Q5"]
[Site "chess.com INT"]
[Date "2020.06.22"]
[Round "6"]
[White "Filippova, Margarita"]
[Black "Skuhala, Barbara"]
[Result "1-0"]
[WhiteTitle "WFM"]
[BlackTitle "WFM"]
[WhiteElo "1931"]
[BlackElo "2095"]
[WhiteFideId "34199680"]
[BlackFideId "14605465"]
[EventDate "2020.06.22"]

1. d4 d5 2. Nf3 Nf6 3. c4 c6 4. Nc3 e6 5. Bf4 Bd6 6. Bg3 O-O 7. e3 b6 8. Ne5 Bb7
9. Qc2 c5 10. Bd3 Nc6 11. Nxc6 Bxc6 12. cxd5 exd5 13. O-O a6 14. Rad1 c4 15. Be2
b5 16. Bh4 Be7 17. Bxf6 Bxf6 18. e4 Rc8 19. exd5 Bxd5 20. Nxd5 Qxd5 21. Bf3 Qd7
22. Qe4 a5 23. Bg4 Qd6 24. Bxc8 Rxc8 25. Qb7 Rb8 26. Qa7 a4 27. Rfe1 h6 28. Qa5
h5 29. h3 Qf4 30. Qc3 Rd8 31. Qe3 Qf5 32. Qe4 Qg5 33. Re3 Qd5 34. Qxd5 Rxd5 35.
Re4 g6 36. Kf1 Bg7 37. Ke2 Kf8 38. Ke3 Bh6+ 39. f4 Bg7 40. g4 h4 41. b3 axb3 42.
axb3 c3 43. b4 f5 44. gxf5 Rxf5 45. Rc1 g5 46. fxg5 Rxg5 47. Rxc3 Rg3+ 48. Kd2
Bh6+ 49. Kc2 Rg2+ 50. Kb3 Bd2 51. Rf3+ Kg7 52. Rxh4 1-0

[Event "Women's Speed Chess Q5"]
[Site "chess.com INT"]
[Date "2020.06.22"]
[Round "6"]
[White "Mohota, Nisha"]
[Black "Bartel, Marta"]
[Result "0-1"]
[WhiteTitle "IM"]
[BlackTitle "WGM"]
[WhiteElo "2195"]
[BlackElo "2192"]
[WhiteFideId "5004330"]
[BlackFideId "1123009"]
[EventDate "2020.06.22"]

1. d4 f5 2. Nf3 Nf6 3. g3 g6 4. Bg2 Bg7 5. O-O O-O 6. b3 d6 7. Bb2 c6 8. Nbd2 a5
9. a4 Nbd7 10. Re1 d5 11. Ne5 Nxe5 12. dxe5 Ne4 13. Nxe4 fxe4 14. f4 Qb6+ 15. e3
Be6 16. Bd4 c5 17. Bb2 Rad8 18. Qe2 h5 19. Red1 Bg4 20. Qb5 Qxb5 21. axb5 Bxd1
22. Rxd1 b6 23. Kf2 Kf7 24. Ke2 e6 25. h4 Ra8 26. Ra1 a4 27. bxa4 Ra7 28. c4
Rfa8 29. Rd1 Rxa4 30. cxd5 Ra2 31. dxe6+ Kxe6 32. Rd2 Ke7 33. Bxe4 Rd8 34. Rc2
Kf7 35. Bc6 Bf8 36. e4 c4 37. Bd5+ Kg7 38. Bxc4 Rc8 39. e6+ Rxb2 0-1

[Event "Women's Speed Chess Q5"]
[Site "chess.com INT"]
[Date "2020.06.22"]
[Round "6"]
[White "Hejazipour, Mitra"]
[Black "Artemyeva, Olga"]
[Result "1-0"]
[WhiteTitle "WGM"]
[BlackTitle "WFM"]
[WhiteElo "2300"]
[BlackElo "2069"]
[WhiteFideId "12505951"]
[BlackFideId "4138422"]
[EventDate "2020.06.22"]

1. Nf3 d5 2. c4 Nf6 3. cxd5 Qxd5 4. Nc3 Qa5 5. d4 e6 6. Bd2 Bb4 7. a3 Bxc3 8.
Bxc3 Qd5 9. e3 O-O 10. Bd3 b6 11. O-O Bb7 12. Re1 Ne4 13. Bb4 Re8 14. Rc1 c6 15.
Bc4 Qd8 16. Ne5 Nd7 17. Qf3 Nxe5 18. Qxe4 Nxc4 19. Rxc4 Qd7 20. Qc2 Rac8 21. Rc1
e5 22. dxe5 Rxe5 23. Bc3 Rh5 24. h3 c5 25. Rg4 g6 26. Rd1 Qc6 27. Qd3 Rd5 28.
Qe2 Rxd1+ 29. Qxd1 h5 30. Rg3 Qe6 31. Qxh5 Kf8 32. Qh6+ Ke7 33. Qg5+ Kd7 34. e4
Re8 35. Rd3+ Kc8 36. e5 Bd5 37. Qd2 Rd8 38. Qd1 Rd7 39. Qd2 Bc6 40. Rd6 Rxd6 41.
exd6 Kd7 42. Qf4 Qe1+ 43. Bxe1 1-0

[Event "Women's Speed Chess Q5"]
[Site "chess.com INT"]
[Date "2020.06.22"]
[Round "6"]
[White "Osmak, Iulija"]
[Black "Mammadova, Gulnar"]
[Result "0-1"]
[WhiteTitle "IM"]
[BlackTitle "IM"]
[WhiteElo "2438"]
[BlackElo "2382"]
[WhiteFideId "14101602"]
[BlackFideId "13403508"]
[EventDate "2020.06.22"]

1. d4 g6 2. e4 Bg7 3. Nc3 d6 4. f4 c6 5. Nf3 Nd7 6. Bd3 Ngf6 7. O-O O-O 8. e5
dxe5 9. fxe5 Nd5 10. Ne4 c5 11. e6 fxe6 12. dxc5 Qc7 13. Nfg5 N7f6 14. c3 Bd7
15. Bd2 Nxe4 16. Nxe4 Nf6 17. b4 e5 18. Qe2 a5 19. Bc4+ Kh8 20. Ng5 Bg4 21. Qe1
axb4 22. cxb4 e6 23. Bxe6 Rae8 24. Qh4 Rxe6 25. Rxf6 Bxf6 26. Qxg4 Bxg5 27. Bxg5
Qf7 28. h3 e4 29. Be3 Kg8 30. Qe2 Qf6 31. Rd1 Re7 32. Bd4 Qf4 33. Be3 Qf5 34.
Qc4+ Ref7 35. Kh1 h5 36. b5 Kh7 37. c6 bxc6 38. bxc6 Rc8 39. Rc1 Rfc7 40. Qd4
Rxc6 41. Rd1 R6c7 42. Bd2 Rf7 43. Bc3 Re8 44. Bb2 e3 45. Re1 e2 46. Qc3 Qf1+ 47.
Kh2 Qf4+ 48. Kh1 Qe3 49. Qc2 Rf1+ 50. Kh2 Qf4+ 51. g3 Qf2# 0-1

[Event "Women's Speed Chess Q5"]
[Site "chess.com INT"]
[Date "2020.06.22"]
[Round "6"]
[White "Ilyuchyk, Yana"]
[Black "Sowa, Wiktoria"]
[Result "1-0"]
[WhiteTitle "WFM"]
[BlackTitle "WFM"]
[WhiteElo "2119"]
[BlackElo "2093"]
[WhiteFideId "13508407"]
[BlackFideId "21836701"]
[EventDate "2020.06.22"]

1. e4 Nf6 2. e5 Nd5 3. d4 d6 4. Nf3 g6 5. Bc4 c6 6. O-O Bg7 7. h3 O-O 8. Qe2 Nb6
9. Bb3 d5 10. c3 Bf5 11. Re1 Be4 12. Nbd2 Bxf3 13. Nxf3 e6 14. Bg5 Qe8 15. Qd2
N8d7 16. Bh6 c5 17. h4 Rc8 18. h5 cxd4 19. cxd4 Nc4 20. Bxc4 Rxc4 21. b3 Rc6 22.
Rac1 Qe7 23. Qf4 Rfc8 24. Bxg7 Kxg7 25. h6+ Kg8 26. Ng5 Nb6 27. Rxc6 Rxc6 28.
Re3 Rc7 29. Kh2 a6 30. Nf3 Nc8 31. Ng5 Na7 32. Nf3 Nc6 33. Rc3 Qf8 34. Qc1 f6
35. exf6 Qxf6 36. Qe3 Rf7 37. g3 Rf8 38. Kg2 Qf5 39. Rc1 Qf6 40. Re1 Re8 41. Qd2
Rf8 42. Qe3 Re8 43. Ne5 Nxe5 44. dxe5 Qf7 45. Rc1 Rf8 46. Rc5 Qf5 47. a4 Qb1 48.
Rc7 Qb2 49. Qc5 Qxe5 50. Rg7+ Kh8 51. Qxf8# 1-0

[Event "Women's Speed Chess Q5"]
[Site "chess.com INT"]
[Date "2020.06.22"]
[Round "6"]
[White "Narva, Regina"]
[Black "Injac, Teodora"]
[Result "0-1"]
[WhiteTitle "WFM"]
[BlackTitle "WIM"]
[WhiteElo "1905"]
[BlackElo "2286"]
[WhiteFideId "4500237"]
[BlackFideId "932400"]
[EventDate "2020.06.22"]

1. e4 e6 2. d4 d5 3. e5 c5 4. c3 Nc6 5. Nf3 Qb6 6. Be2 cxd4 7. cxd4 Nh6 8. Na3
Nf5 9. Nc2 h5 10. b3 Be7 11. Bb2 Bd7 12. O-O g5 13. Ne3 g4 14. Nxf5 gxf3 15.
Bxf3 exf5 16. Bxd5 Be6 17. Bf3 Rd8 18. d5 Nb4 19. d6 h4 20. a3 Nc6 21. b4 Bg5
22. Qd3 a6 23. Bd5 Kd7 24. Bxe6+ fxe6 25. Bc3 Qb5 26. Qf3 Qc4 27. Rfe1 h3 28. g3
Rdg8 29. a4 Qg4 30. Qxg4 fxg4 31. b5 Nb8 32. Rab1 Rc8 33. Ba1 a5 34. b6 Na6 35.
Rb5 Rc4 36. Rxa5 Rhc8 37. f4 gxf3 38. Kf2 Bd2 39. Kxf3 Bxe1 40. Rb5 Rb4 41. Rxb4
Bxb4 42. a5 Bxa5 43. Bd4 Rc6 44. g4 Bxb6 45. Bb2 Nb4 46. g5 Ke8 47. g6 Kf8 48.
Bc1 Nd5 49. Bh6+ Kg8 0-1

[Event "Women's Speed Chess Q5"]
[Site "chess.com INT"]
[Date "2020.06.22"]
[Round "6"]
[White "Fataliyeva, Ulviyya"]
[Black "Charochkina, Daria"]
[Result "1-0"]
[WhiteTitle "WGM"]
[BlackTitle "IM"]
[WhiteElo "2301"]
[BlackElo "2356"]
[WhiteFideId "13403052"]
[BlackFideId "4180917"]
[EventDate "2020.06.22"]

1. b3 d5 2. Bb2 Nf6 3. g3 Bf5 4. Bg2 h6 5. Nf3 e6 6. O-O c6 7. d3 Be7 8. Nbd2
O-O 9. Qe1 Bh7 10. e4 a5 11. a3 Na6 12. Nh4 b5 13. Rd1 a4 14. b4 c5 15. bxc5
Nxc5 16. f4 Re8 17. h3 Qc7 18. g4 Nfd7 19. Qf2 Qd8 20. Nhf3 dxe4 21. dxe4 Bxe4
22. Nxe4 Nxe4 23. Qe1 Qb6+ 24. Kh2 Ndc5 25. Ne5 f5 26. Bd4 Qc7 27. Kh1 Rad8 28.
Qe3 Bd6 29. c4 bxc4 30. Nxc4 Be7 31. Ne5 Bf6 32. Rc1 Rc8 33. Bxe4 fxe4 34. Rxc5
Qe7 35. Rxc8 Rxc8 36. Qxe4 Qxa3 37. g5 Qxh3+ 38. Kg1 Qg3+ 39. Qg2 Qxg2+ 40. Kxg2
hxg5 41. fxg5 Bxg5 42. Nf7 Rc2+ 43. Kg3 Be7 44. Ne5 a3 45. Ng6 Bf6 46. Ne5 a2
47. Ba1 Re2 48. Nd3 Bxa1 49. Rxa1 1-0

[Event "Women's Speed Chess Q5"]
[Site "chess.com INT"]
[Date "2020.06.22"]
[Round "6"]
[White "Kovanova, Baira"]
[Black "Osmanodja, Filiz"]
[Result "1-0"]
[WhiteTitle "WGM"]
[BlackTitle "WGM"]
[WhiteElo "2343"]
[BlackElo "2293"]
[WhiteFideId "4164083"]
[BlackFideId "24633569"]
[EventDate "2020.06.22"]

1. e4 c5 2. Nc3 Nc6 3. g3 g6 4. Bg2 Bg7 5. d3 e6 6. Be3 d6 7. Qd2 Nd4 8. Nf3 Ne7
9. O-O O-O 10. Nh4 Nec6 11. Nd1 f5 12. c3 Nb5 13. Bh6 e5 14. exf5 gxf5 15. Bxg7
Kxg7 16. f4 Nc7 17. Ne3 Ne7 18. Rae1 Ng6 19. Nxg6 hxg6 20. fxe5 dxe5 21. Nc4 Be6
22. Nxe5 Bd5 23. Bxd5 Nxd5 24. Nf3 Re8 25. Rxe8 Qxe8 26. Re1 Qd8 27. d4 c4 28.
Qe2 Rc8 29. Qe5+ Kg8 30. Ng5 Rc6 31. Ne6 Qd7 32. Nc5 Qf7 33. Ne6 Qd7 34. Ng5 Nc7
35. Qe7 Qxe7 36. Rxe7 b5 37. a3 a5 38. Rd7 Na6 39. Rb7 b4 40. axb4 axb4 41. cxb4
Rd6 42. Nf3 Re6 43. b5 Nb4 44. Rc7 Nd3 45. Rxc4 Nxb2 46. Rb4 Nd3 47. Rb3 Nc1 48.
Rb1 Ne2+ 49. Kf2 g5 50. b6 g4 51. Ne5 Nxd4 52. b7 1-0

[Event "Women's Speed Chess Q5"]
[Site "chess.com INT"]
[Date "2020.06.22"]
[Round "6"]
[White "Padmini, Rout"]
[Black "Arabidze, Meri"]
[Result "1/2-1/2"]
[WhiteTitle "IM"]
[BlackTitle "IM"]
[WhiteElo "2370"]
[BlackElo "2428"]
[WhiteFideId "5029295"]
[BlackFideId "13604040"]
[EventDate "2020.06.22"]

1. e4 c5 2. Nf3 e6 3. d4 cxd4 4. Nxd4 Nc6 5. Nc3 a6 6. Nxc6 bxc6 7. Bd3 d5 8.
O-O Nf6 9. Qe2 Bb7 10. b3 Be7 11. Bb2 O-O 12. Rad1 Qc7 13. Rfe1 Rfe8 14. e5 Nd7
15. Na4 c5 16. c4 d4 17. Bc1 Nf8 18. Be4 Bxe4 19. Qxe4 Ng6 20. g3 Bf8 21. h4 Ne7
22. h5 Qc6 23. Qg4 Nf5 24. h6 g6 25. Qh3 Qf3 26. Nb2 a5 27. Rd3 Qc6 28. Na4 Reb8
29. g4 Ne7 30. Bd2 Qc7 31. f4 Nc6 32. a3 Ra7 33. Kf2 Rab7 34. g5 Ne7 35. Qf3 Qc6
36. Rb1 Qxf3+ 37. Kxf3 Nc6 38. Ke2 Be7 39. Kd1 Kf8 40. Kc2 Ke8 41. Rf1 Kd7 42.
Rg1 Ra7 43. Rg2 Nd8 44. Rg1 Kc6 45. Rg2 Bf8 46. Rg1 Rc8 47. Ra1 Kb7 48. Ra2 Nc6
49. Ra1 Ne7 50. Re1 Rc6 51. Rg1 Nc8 52. Rf1 Ne7 53. Rg1 Nf5 54. Rf1 Kc8 55. Rf2
Ne7 56. Rh2 Kc7 57. Rf2 Nc8 58. Rf1 Nb6 59. Nxb6 Rxb6 60. a4 Rc6 61. Rff3 1/2-1/2

[Event "Women's Speed Chess Q5"]
[Site "chess.com INT"]
[Date "2020.06.22"]
[Round "6"]
[White "Fominykh, Maria"]
[Black "Morris-Suzuki, Sophie"]
[Result "0-1"]
[WhiteTitle "WGM"]
[BlackTitle "WFM"]
[WhiteElo "2206"]
[BlackElo "2043"]
[WhiteFideId "4142411"]
[BlackFideId "30922615"]
[EventDate "2020.06.22"]

1. d4 Nf6 2. c4 e6 3. g3 c5 4. d5 exd5 5. cxd5 d6 6. Nc3 g6 7. Bg2 Bg7 8. e4 O-O
9. Nge2 a6 10. a4 Nbd7 11. O-O Re8 12. h3 Nh5 13. Rb1 Rb8 14. b4 Qc7 15. b5 Qa5
16. Bd2 Ne5 17. bxa6 Qxa6 18. Nb5 Qb6 19. Qc2 Qd8 20. f4 Nd7 21. Nxd6 Rf8 22. e5
Nxe5 23. fxe5 Bxe5 24. Nxc8 Rxc8 25. Qd3 c4 26. Qf3 Qd6 27. g4 Nf6 28. Bc3 Qc5+
29. Kh1 Nd7 30. Rxb7 Rc7 31. Rxc7 Qxc7 32. Bxe5 Nxe5 33. Qg3 f6 34. Nc3 Qe7 35.
Nb5 Rc8 36. d6 Qe6 37. Rd1 Kg7 38. Qc3 Nd3 39. d7 Qxd7 40. Qd2 Nf2+ 41. Qxf2
Qxd1+ 42. Kh2 c3 43. Qa7+ Kh6 44. Qe3+ Kg7 45. Qe7+ Kh6 46. Nd6 Rg8 47. Qe3+ Kg7
48. Qxc3 Qxd6+ 49. Kg1 Re8 50. a5 Qe5 51. Qc7+ Qxc7 0-1

[Event "Women's Speed Chess Q5"]
[Site "chess.com INT"]
[Date "2020.06.22"]
[Round "6"]
[White "Tereladze, Sopiko"]
[Black "Khalafova, Narmin"]
[Result "1-0"]
[WhiteTitle "WIM"]
[BlackTitle "WGM"]
[WhiteElo "2141"]
[BlackElo "2279"]
[WhiteFideId "13600486"]
[BlackFideId "13402625"]
[EventDate "2020.06.22"]

1. d4 g6 2. Nf3 Bg7 3. Bf4 Nf6 4. e3 O-O 5. h3 b6 6. Be2 Bb7 7. O-O c5 8. c3 d6
9. Bh2 Nbd7 10. a4 a6 11. Na3 Ne4 12. Nd2 Nxd2 13. Qxd2 e5 14. dxe5 Nxe5 15.
Rad1 Qg5 16. Bg3 Rad8 17. Kh2 Qe7 18. f4 Nc6 19. Bf3 Rfe8 20. Rfe1 f5 21. Nc4
Kh8 22. e4 fxe4 23. Rxe4 Qc7 24. Rxe8+ Rxe8 25. Qxd6 Qc8 26. Nxb6 Qd8 27. Qxd8
Rxd8 28. Rxd8+ Nxd8 29. Bxb7 Nxb7 30. Nc4 Bf6 31. Bf2 Kg7 32. g4 Kf7 33. Kg3 Ke6
34. Kf3 Kd5 35. Nd2 Na5 36. b4 Nb7 37. c4+ Kc6 38. b5+ axb5 39. axb5+ Kb6 40.
Ne4 Be7 41. f5 Na5 42. f6 Bf8 43. f7 Nxc4 44. Nxc5 Kxb5 45. Ne6 Be7 46. f8=Q
Bxf8 47. Nxf8 Kc6 48. Nxh7 Ne5+ 49. Ke4 Nf7 50. Bd4 Kd7 51. h4 Ke6 52. Ng5+
Nxg5+ 53. hxg5 Kf7 54. Bf6 Kg8 55. Kd4 Kh7 56. Ke5 Kg8 57. Ke6 Kh7 58. Bc3 Kg8
59. Bd2 Kh7 60. Kf6 Kh8 61. Kxg6 Kg8 62. Kh6 Kh8 63. g6 Kg8 64. g7 Kf7 65. Kh7 1-0

[Event "Women's Speed Chess Q5"]
[Site "chess.com INT"]
[Date "2020.06.22"]
[Round "6"]
[White "Klinova, Masha"]
[Black "Azhar, Puteri Munajjah Az-Zahraa"]
[Result "1-0"]
[WhiteTitle "IM"]
[BlackTitle "WIM"]
[WhiteElo "2275"]
[BlackElo "2046"]
[WhiteFideId "2802015"]
[BlackFideId "5709040"]
[EventDate "2020.06.22"]

1. e4 c5 2. Nf3 e6 3. c4 Nc6 4. Nc3 a6 5. Be2 Qc7 6. O-O Nf6 7. d4 cxd4 8. Nxd4
d6 9. Be3 Be7 10. Rc1 O-O 11. f3 Bd7 12. Nd5 Qd8 13. Nxc6 Bxc6 14. Nxe7+ Qxe7
15. Qd4 Rfd8 16. Rfd1 Rac8 17. b3 e5 18. Qd2 Qe6 19. a4 Ne8 20. a5 h6 21. b4 Ba4
22. Re1 f5 23. exf5 Qxf5 24. Bd3 Qf6 25. Bb1 Bc6 26. Qd3 Nc7 27. Qh7+ Kf7 28.
Be4 Rh8 29. Qf5 Qxf5 30. Bxf5 Rb8 31. Red1 Ke7 32. Bb6 Na8 33. Bf2 Rbd8 34. h4
Kf6 35. Bd3 g5 36. b5 axb5 37. cxb5 Bd5 38. b6 Bb3 39. Re1 d5 40. Bb5 Rh7 41.
Bg3 Re7 42. Rc3 Ba2 43. Rce3 e4 44. fxe4 dxe4 45. hxg5+ hxg5 46. Rxe4 Rxe4 47.
Rxe4 Rd1+ 48. Re1 Rd2 49. Be5+ Kf5 50. Bb8 Bd5 51. Bf1 Be4 52. Rc1 Ra2 53. Rc8
Rxa5 54. Rf8+ Kg4 55. Bc7 Ra1 56. Kf2 1-0

[Event "Women's Speed Chess Q5"]
[Site "chess.com INT"]
[Date "2020.06.22"]
[Round "6"]
[White "Frayna, Janelle Mae"]
[Black "Khomeriki, Nino"]
[Result "0-1"]
[WhiteTitle "WGM"]
[BlackTitle "WGM"]
[WhiteElo "2179"]
[BlackElo "2319"]
[WhiteFideId "5212499"]
[BlackFideId "13603191"]
[EventDate "2020.06.22"]

1. Nf3 d5 2. g3 c6 3. Bg2 Bg4 4. O-O Nd7 5. c4 e6 6. b3 Ngf6 7. Bb2 Bd6 8. d3
O-O 9. Nbd2 Re8 10. Qc2 a5 11. h3 Bh5 12. a3 e5 13. Rfe1 e4 14. Nd4 e3 15. fxe3
Bxg3 16. Nf5 Bxe1 17. Rxe1 Bg6 18. Nd6 Rxe3 19. Bd4 Rg3 20. Nf1 Rxg2+ 21. Kxg2
Nh5 22. Qd2 Nf8 23. Nxb7 Qh4 24. e3 Bf5 25. Kg1 Ne6 26. Qf2 Qxh3 27. Nd6 Qg4+
28. Kh2 Ng5 29. Nxf5 Qh3+ 30. Kg1 Nf3+ 31. Qxf3 Qxf3 32. Nd6 Ng3 33. Nh2 Ne2+
34. Rxe2 Qxe2 35. b4 Qxd3 36. b5 cxb5 37. c5 b4 38. c6 bxa3 39. c7 a2 40. Nf1
Qb1 41. c8=Q+ Rxc8 42. Nxc8 a1=Q 43. Bxa1 Qxa1 44. Nb6 Qd1 45. Kf2 a4 46. Ng3
Qc2+ 47. Kf3 Qb3 48. Nd7 a3 49. Nc5 Qd1+ 50. Ne2 Qf1+ 0-1

[Event "Women's Speed Chess Q5"]
[Site "chess.com INT"]
[Date "2020.06.22"]
[Round "6"]
[White "Smietanska, Wiktoria"]
[Black "Vovk, Anastasiia"]
[Result "0-1"]
[WhiteTitle "CM"]
[BlackTitle "WGM"]
[WhiteElo "1593"]
[BlackElo "2076"]
[WhiteFideId "21869359"]
[BlackFideId "14110563"]
[EventDate "2020.06.22"]

1. c4 c5 2. Nf3 Nf6 3. Nc3 d5 4. cxd5 Nxd5 5. d4 cxd4 6. Qxd4 Nxc3 7. Qxd8+ Kxd8
8. bxc3 Nc6 9. Ba3 Bf5 10. O-O-O+ Kc7 11. g3 e6 12. Bxf8 Rhxf8 13. Bg2 Be4 14.
Kb2 h6 15. Rd2 Rfd8 16. Rhd1 Rxd2+ 17. Rxd2 Rd8 18. Kc1 Rxd2 19. Kxd2 Kd6 20.
Nh4 Bxg2 21. Nxg2 Kc5 22. f4 b5 23. e4 a5 24. Ne3 b4 25. cxb4+ Kxb4 26. Nc2+ Kc4
27. a3 Nd4 28. Nxd4 Kxd4 29. e5 Kc4 30. Kc2 a4 31. h3 Kd4 32. Kd2 h5 33. h4 Ke4
34. Ke2 g6 35. Kf2 Kd3 36. Kf3 Kc3 37. g4 Kb3 38. gxh5 gxh5 39. f5 Kxa3 40. Kf4
Kb2 41. fxe6 fxe6 42. Kg5 a3 43. Kf6 a2 44. Kxe6 a1=Q 45. Kf7 Qf1+ 46. Ke7 Qf4
47. e6 Qxh4+ 48. Kd7 Qd4+ 49. Ke7 h4 50. Kf7 Qf4+ 51. Kg7 Qg4+ 52. Kf7 Qf5+ 53.
Ke7 h3 54. Kd7 Qd5+ 55. Ke7 h2 56. Kf7 Qf5+ 57. Ke7 h1=Q 58. Kd8 Qhd5+ 59. Kc7
Qfxe6 60. Kb8 Qdd6+ 61. Ka8 Qc6+ 62. Kb8 Qcd7 63. Ka8 Qee8# 0-1

[Event "Women's Speed Chess Q5"]
[Site "chess.com INT"]
[Date "2020.06.22"]
[Round "6"]
[White "Toncheva, Nadya"]
[Black "Potapova, Margarita"]
[Result "1-0"]
[WhiteTitle "WFM"]
[BlackTitle "WIM"]
[WhiteElo "2064"]
[BlackElo "2270"]
[WhiteFideId "2924056"]
[BlackFideId "14126869"]
[EventDate "2020.06.22"]

1. e4 c5 2. c3 d5 3. exd5 Qxd5 4. d4 Nf6 5. Nf3 e6 6. Be3 Nc6 7. dxc5 Qxd1+ 8.
Kxd1 Bd7 9. Nbd2 O-O-O 10. Kc2 e5 11. b4 Bf5+ 12. Kb2 Ng4 13. Nb3 f6 14. Bc4 Ne7
15. Rad1 Nxe3 16. fxe3 g6 17. Rxd8+ Kxd8 18. Rd1+ Kc8 19. a4 Bh6 20. e4 Bxe4 21.
Be6+ Kb8 22. Rd7 Nf5 23. Na5 Ne3 24. Nd2 Bxg2 25. b5 Re8 26. Bf7 Rc8 27. Ndb3 f5
28. Be6 f4 29. Rxh7 Re8 30. Bd7 Rd8 31. c6 bxc6 32. bxc6 Rf8 33. Rxh6 f3 34. Nd2
f2 35. Rh7 Nf1 36. Nab3 Nxd2 37. Nxd2 Kc7 38. Bh3+ Kxc6 39. Bxg2+ Kd6 40. Rxa7
Rh8 41. Ra6+ Kc7 42. Rxg6 Rxh2 43. Rg7+ Kd6 44. Nf1 Rh8 45. a5 Rb8+ 46. Kc2 Kc5
47. a6 Rb6 48. a7 Ra6 49. a8=Q Rxa8 50. Bxa8 e4 51. Bxe4 Kc4 52. Bd3+ Kc5 53.
Rg5+ Kb6 54. Kd2 Kc7 55. Ke3 Kd6 56. Kxf2 Kc7 57. Ne3 Kd7 58. Kf3 Kc7 59. Ke4
Kd7 60. Kd5 Kc7 61. Rg7+ Kb8 62. Kc6 Ka8 63. Kb6 Kb8 64. Rg8# 1-0

[Event "Women's Speed Chess Q5"]
[Site "chess.com INT"]
[Date "2020.06.22"]
[Round "6"]
[White "Papp, Petra"]
[Black "Dauletova, Gulmira"]
[Result "0-1"]
[WhiteTitle "WGM"]
[BlackTitle "WIM"]
[WhiteElo "2338"]
[BlackElo "2319"]
[WhiteFideId "739049"]
[BlackFideId "13702971"]
[EventDate "2020.06.22"]

1. e4 e5 2. Nf3 Nc6 3. Bb5 a6 4. Ba4 Nf6 5. O-O Nxe4 6. d4 b5 7. Bb3 d5 8. dxe5
Be6 9. Nbd2 Nc5 10. c3 Be7 11. Bc2 d4 12. Nb3 d3 13. Bb1 Nxb3 14. axb3 Bf5 15.
h3 O-O 16. b4 Qd7 17. Bf4 a5 18. bxa5 Nxa5 19. Nd4 Bg6 20. Bxd3 Bxd3 21. Qxd3 c5
22. Qxb5 Qc8 23. Rxa5 Rxa5 24. Qxa5 cxd4 25. cxd4 Qc2 26. Qc3 Qe4 27. Be3 f6 28.
Qc4+ Kh8 29. e6 f5 30. Qc7 Qxe6 31. Qe5 Qd7 32. Rc1 Bd6 33. Qa5 f4 34. Bd2 f3
35. g4 Bb8 36. Qc5 Bd6 37. Qc6 Qe7 38. Re1 Qd8 39. Qe4 Qh4 40. Re3 Qxh3 41. Rxf3
Qxf3 42. Qxf3 Rxf3 43. Kg2 Rb3 44. Bc3 Bb4 45. Kf3 Bxc3 46. bxc3 Rxc3+ 47. Ke4
Rc2 48. f4 Kg8 49. g5 Kf7 50. Kf5 Rd2 51. Ke5 g6 52. d5 Ke7 53. f5 gxf5 54. Kxf5
Rxd5+ 55. Kg4 Kf7 56. Kh5 Kg7 57. Kh4 Kg6 0-1